| 000 -LEADER |
| fixed length control field |
00688nam a2200217Ia 4500 |
| 001 - CONTROL NUMBER |
| control field |
14878 |
| 003 - CONTROL NUMBER IDENTIFIER |
| control field |
GE_BSU |
| 008 - FIXED-LENGTH DATA ELEMENTS--GENERAL INFORMATION |
| fixed length control field |
181216s||||||||xx |||||||||||||| ||und|| |
| 040 ## - CATALOGING SOURCE |
| Transcribing agency |
GE_BSU |
| 080 ## - UNIVERSAL DECIMAL CLASSIFICATION NUMBER |
| Universal Decimal Classification number |
514.12(075.8)+512.64(075.8) |
| 100 ## - MAIN ENTRY--PERSONAL NAME |
| Personal name |
Беклемишев, Д.В. |
| 245 ## - TITLE STATEMENT |
| Title |
Курс аналитической геометрии и линейной алгебры |
| 245 ## - TITLE STATEMENT |
| Statement of responsibility, etc. |
Ред.А.Ф.Лапко. Ф.И.Кизнер |
| 250 ## - EDITION STATEMENT |
| Edition statement |
5-е изд. |
| 260 ## - PUBLICATION, DISTRIBUTION, ETC. |
| Place of publication, distribution, etc. |
Москва |
| 260 ## - PUBLICATION, DISTRIBUTION, ETC. |
| Name of publisher, distributor, etc. |
Наука |
| 260 ## - PUBLICATION, DISTRIBUTION, ETC. |
| Date of publication, distribution, etc. |
1984 |
| 300 ## - PHYSICAL DESCRIPTION |
| Extent |
319стр.20см. |
| 653 ## - INDEX TERM--UNCONTROLLED |
| Uncontrolled term |
Курс аналитической геометрии и линейной алгебры |
| 942 ## - ADDED ENTRY ELEMENTS (KOHA) |
| Koha item type |
წიგნი |